马鞍山市地图 Maanshan Map Quiz - Statistics

General Stats
  • This quiz has been taken 21 times
  • The average score is 5 of 6
Answers on the Map
Answers color-coded by a green-red scale on the quiz's map according to % correct below.
 
Answer Stats
Answer % Correct
雨山区
90%
当涂县
90%
花山区
85%
和县
85%
含山县
80%
博望区
75%
No matching quizzes found
Score Distribution
Percent of People with Each Score
Percentile by Number Answered
Your Score History
You have not taken this quiz